Guinea : Technical Assistance Report-Report on Technical Assistance Mission on External Sector Statistics.

This Technical Assistance report on Guinea addressed issues like: improvement of the surveys on migrant remittances and informal trade; perform detailed technical work to improve external sector statistics (ESS); and participation in the coordinated direct investment survey and the quarterly externa...

وصف كامل

التفاصيل البيبلوغرافية
مؤلف مشترك: International Monetary Fund. Statistics Dept
التنسيق: دورية
اللغة:English
منشور في: Washington, D.C. : International Monetary Fund, 2019.
سلاسل:IMF Staff Country Reports; Country Report ; No. 2019/115
الوصول للمادة أونلاين:Full text available on IMF
LEADER 02170cas a2200241 a 4500
001 AALejournalIMF019287
008 230101c9999 xx r poo 0 0eng d
020 |c 5.00 USD 
020 |z 9781498312578 
022 |a 1934-7685 
040 |a BD-DhAAL  |c BD-DhAAL 
110 2 |a International Monetary Fund.  |b Statistics Dept. 
245 1 0 |a Guinea :   |b Technical Assistance Report-Report on Technical Assistance Mission on External Sector Statistics. 
264 1 |a Washington, D.C. :  |b International Monetary Fund,  |c 2019. 
300 |a 1 online resource (31 pages) 
490 1 |a IMF Staff Country Reports 
500 |a <strong>Off-Campus Access:</strong> No User ID or Password Required 
500 |a <strong>On-Campus Access:</strong> No User ID or Password Required 
506 |a Electronic access restricted to authorized BRAC University faculty, staff and students 
520 3 |a This Technical Assistance report on Guinea addressed issues like: improvement of the surveys on migrant remittances and informal trade; perform detailed technical work to improve external sector statistics (ESS); and participation in the coordinated direct investment survey and the quarterly external debt statistics database. The mission observed that the recommendations from the previous technical assistance mission had been satisfactorily implemented. The report also describes that the timeliness of ESS, based on international standards, should be improved, mainly for the international investment position and the quarterly balance of payments statistics. In order to contribute to progress in the areas discussed in the report, the mission made a one-year detailed action plan, with priority given to the recommendations of importance in improving ESS. The recommendation on reporting reinvested earnings of direct investment enterprises, net increases in insurance company liabilities, and income on reserve assets has partially been implemented. 
538 |a Mode of access: Internet 
830 0 |a IMF Staff Country Reports; Country Report ;  |v No. 2019/115 
856 4 0 |z Full text available on IMF  |u http://elibrary.imf.org/view/journals/002/2019/115/002.2019.issue-115-en.xml  |z IMF e-Library